000
00290nam a22001337a 4500
003
SGT
082
_a
340,SAX
100
_a
SAXENA,P.P.
245
_a
FAMILY LAW LECTURES (FAMILY -2)
260
_a
NEW DELHI
_b
LEXIS NEXIS
_c
2004
300
_a
685
650
_a
FAMILY LAW
942
_2
ddc
_c
BK
_0
1
999
_c
11256
_d
11256